The Last Witness: (Record no. 216203)

MARC details
000 -LEADER
fixed length control field 00568nam a22001937a 4500
005 - DATE AND TIME OF LATEST TRANSACTION
control field 20260514145730.0
010 ## - LCCN (DPL NO)
LC control number ENG-148470
020 ## - INTERNATIONAL STANDARD BOOK NUMBER
International Standard Book Number 9788119670123
Terms of availability 350.00
035 ## - SYSTEM CONTROL NUMBER
System control number EN-132002
037 ## - SOURCE OF ACQUISITION
Source of stock number/acquisition DBAD
082 ## - DEWEY DECIMAL CLASSIFICATION NUMBER
Classification number N
Edition number 1
100 ## - MAIN ENTRY--PERSONAL NAME
Personal name Rao, G V Subba
245 ## - TITLE STATEMENT
Title The Last Witness:
Remainder of title A Suspense thriller/
Statement of responsibility, etc G V Subba Rao
250 ## - EDITION STATEMENT
Edition statement 1
260 ## - PUBLICATION, DISTRIBUTION, ETC. (IMPRINT)
Place of publication, distribution, etc New Delhi
Name of publisher, distributor, etc Vitasta Publishing Pvt Ltd
Date of publication, distribution, etc 2024
270 ## - ADDRESS
Address 2/15, Ansari Road daryaganj,
City New Delhi
Postal code 110002
Electronic mail address info@vitastapublishing.com
300 ## - PHYSICAL DESCRIPTION
Extent 226p.
Dimensions 21cm(pb)
942 ## - ADDED ENTRY ELEMENTS (KOHA)
Source of classification or shelving scheme Dewey Decimal Classification
Item type English Books
Classification part N
Call number suffix RAO
Holdings
Withdrawn status Lost status Not for loan Collection code Home library Current library Date acquired Source of acquisition Cost, normal purchase price Full call number Barcode Copy number Cost, replacement price Koha item type
      Fiction R.K.Puram-8 R.K.Puram-8 14/05/2026 Delivery of Books Act Division 350.00 N RAO EN-132002 1 350.00 English Books

© Delhi Public Library
Hit Counter
free hit counter